Регионална библиотека "Любен Каравелов" - Русе

Русе - летопис за годините 1950 - 1975 (Запис номер 74399)

MARC детайли
000 -Лидер
Контролно поле с фиксирана дължина 02411nam a2200565 a 4500
003 - Код на организацията, давaща контролен номер
Контролно поле BLK
005 - Дата и час на последна редакция
Контролно поле 20250514115712.0
008 - Елементи от данни с фиксирана дължина
fixed length control field 180408b bul|||||r ||||||| ||bul||
010 ## - Наследен системен номер
LC control number KNG00078800000
040 ## - Източник на каталожния запис
Идентификатор на билиотеката - собственик на записа BLK
041 ## - Код за език
Код за езика на текст/звукозапис или на отделно заглавие Български
Код за езика КДБФ Български
072 #7 - Код за тематичната категория
Код организация bullib
Код за тематична категория Я
Текст Автографи
072 #7 - Код за тематичната категория
Код организация bullib
Код за тематична категория К
Текст Краезнание
080 ## - УДК
Текстов определител УДК Краезнание
УДК код - определител по УДК 908
УДК определител (497.215)(093.3)
УДК - код + определител 908(497.215)(093.3)
080 ## - УДК
Текстов определител УДК Икономическо положение. Икономическа политика. Управление. Планиране. Производство. Услуги. Цени
УДК код - определител по УДК 338
УДК определител (497.215)(091)
УДК - код + определител 338(497.215)(091)
080 ## - УДК
Текстов определител УДК Цивилизация. Култура. Прогрес. История на културата вж 930.85
УДК код - определител по УДК 008
УДК определител (497.215)
УДК - код + определител 008(497.215)
100 1# - Редна дума - Автор
Автор Данаилов, Петър
Авторска отговорност първи автор
Автор - информация (биография) Христов, Петър Данаилов
R(LIN) 363963
139 ## - Редно поле
Редна дума Данаилов, Петър
Авторски знак Дана - Д 17
245 10 - Сведения за заглавието
Заглавие Русе - летопис за годините 1950 - 1975
Подзаглавни данни Т. 1 -
Редно поле (дума) Петър Данаилов; ред. Маргарита Трифонова; * Петър Данаилов Христов.
Том Т. 1
Заглавие на том Инфраструктура
257 ## - Страна на издаване
Страна на създаване/издаване България
260 ## - Област на издателските данни
Име на издателя, разпространителя и проч. Фонд. Лира
Година на издаване 2007 -
Място на издаване, разпространение и проч. Русе
300 ## - Физическа характеристика
Размери/Мащаб 34 см
380 ## - Жанр
Жанр История
500 ## - Общи забележки
Забележка Пълното име на авт. е Петър Данаилов Христов.
650 #4 - Допълнително описание по предмет – тема
Основно описание – тема или топоним Русе - история, нова
9 (RLIN) 260280
650 #4 - Допълнително описание по предмет – тема
Основно описание – тема или топоним Русе - стопанско развитие
9 (RLIN) 275828
650 #4 - Допълнително описание по предмет – тема
Основно описание – тема или топоним Градове, български
9 (RLIN) 264012
651 #4 - Допълнително описание по предмет - топоним
Географско понятие Русе
9 (RLIN) 179462
653 ## - Ключова дума – ненормативна
Ключова дума стопанство
653 ## - Ключова дума – ненормативна
Ключова дума икономика
653 ## - Ключова дума – ненормативна
Ключова дума стопанско управление
653 ## - Ключова дума – ненормативна
Ключова дума Русе
659 ## - Тематичен бюлетин
Тематичен бюлетин К
659 ## - Тематичен бюлетин
Тематичен бюлетин Я
700 ## - Други автори (авторска отговорност)
Лично име Трифонова, Маргарита
9 (RLIN) 257089
700 1# - Други автори (авторска отговорност)
Лично име Христов, Петър Данаилов
Автороска отговорност (Описва отношението между автора и произведението) *
9 (RLIN) 296871
760 1# - Описание на основната серия
Редна дума на основното описание Данаилов, Петър
Място на издаване, издател и година 2007
Страници - том 220 с. : с ил., портр., к.
Заглавие Т. 1
852 ## - Местоположение
Форматна сигнатура Цб ІІ 14826
852 ## - Местоположение
Форматна сигнатура К 338/Д 17 П
856 4# - Електронен адрес и достъп
Електронен формат pdf - файл
856 4# - Електронен адрес и достъп
Електронен формат pdf - файл
942 ## - АРТИКУЛИ
Вид на библиотечния материал Книги
Скрит в OPAC Не
Koha issues (borrowed), all copies 8
Периодичен библиозапис Да
944 ## - СЪЗДАВАНЕ И РЕДАКЦИЯ на ЗАПИСА
Създаване/Редакция Създаване
Дата на регистрацията/редакция 31.10.2007
Служител, извършил регистрацията/редакцията 30556
Статус, дата на статуса Теодора Пейчева-Дянкова
944 ## - СЪЗДАВАНЕ И РЕДАКЦИЯ на ЗАПИСА
Създаване/Редакция Редакция
Дата на регистрацията/редакция 02.12.2008
999 ## - СИСТЕМНИ КОНТРОЛНИ НОМЕРА
Koha biblionumber 74399
Koha biblioitemnumber 74399
999 ## - СИСТЕМНИ КОНТРОЛНИ НОМЕРА
Koha biblioitemnumber 74399
999 ## - СИСТЕМНИ КОНТРОЛНИ НОМЕРА
Koha biblioitemnumber 74399
999 ## - СИСТЕМНИ КОНТРОЛНИ НОМЕРА
Koha biblioitemnumber 74399
999 ## - СИСТЕМНИ КОНТРОЛНИ НОМЕРА
Koha biblioitemnumber 74399
999 ## - СИСТЕМНИ КОНТРОЛНИ НОМЕРА
Koha biblioitemnumber 74399
Наличности
Код за отписване Код за изгубен артикул Източник на класификационната схема Код за повреда Коз за рестрикции Код за отдаване Артикулен № Име на библиотеката - собственик Име на библиотеката, в която се намира в момента Статус (Текущо местоположение) Дата на вписване в системата Местоположение - отдел Цена в лева Номерация (Хронология) Инвентарен номер Систематично азбучна сигнатура Баркод Номер на екземпляра Цена в евро Служебна бележка Служебен тип на артикула
  Не е изгубен Universal Decimal Classification Не е повреден само за читалня ползва се в читалня 121105 Регионална библиотека "Любен Каравелов" Русе Регионална библиотека "Любен Каравелов" Русе Хранилище 2007-10-31 Основен фонд - ползва се само за читалня 15.00 Автограф: Петър Данаилов 120000719136 Цб ІІ 14826 120000719136 1 7.67 Дост: DA Вид: А N: 11 Дата: 31.10.2007 Книги
  Не е изгубен Universal Decimal Classification Не е повреден без рестрикции ползва се в читалня 121106 Регионална библиотека "Любен Каравелов" Русе Регионална библиотека "Любен Каравелов" Русе Краезнание 2007-10-31 Краезнание 15.00 Автограф: Петър Данаилов 120000719137 К 338/Д 17 П 120000719137 2 7.67 Дост: DA Вид: А N: 11 Дата: 31.10.2007 Дата инв: 09.11.2017 Бележки инв: К2017 Книги
  Не е изгубен Universal Decimal Classification Не е повреден само за читалня ползва се в читалня 121107 Регионална библиотека "Любен Каравелов" Русе Регионална библиотека "Любен Каравелов" Русе Хранилище 2008-02-06 Хранилище 15.00   120000723013 Цб ІІ 14826 120000723013 3 7.67 Дост: Dp Вид: Д N: 44 Дата: 11.10.2007 Книги
  Не е изгубен Universal Decimal Classification Не е повреден   ползва се в читалня 733016 Регионална библиотека "Любен Каравелов" Русе Регионална библиотека "Любен Каравелов" Русе Хранилище 2019-08-27 Хранилище 30.00     Цб ІІ 23997 120000835746   15.34   Книги
  Не е изгубен Universal Decimal Classification Не е повреден   ползва се в читалня 733017 Регионална библиотека "Любен Каравелов" Русе Регионална библиотека "Любен Каравелов" Русе Хранилище 2019-08-27 Хранилище 30.00     Цб ІІ 23998 120000835747   15.34   Книги
Vip Innovations Ltd, Rousse, Bulgaria 2025